| 000 | 00384nam a2200145Ia 4500 | ||
|---|---|---|---|
| 008 | 230312s9999||||xx |||||||||||||| ||und|| | ||
| 020 | _a81-85749-31-0 | ||
| 082 |
_a621.317 _bGUP-C |
||
| 100 | _aGupta-J.B | ||
| 245 | 0 | _aCourse in Electrical Technology | |
| 260 |
_bKatson Books _aIndia _c2009 |
||
| 546 | _aEng. | ||
| 650 |
_aEngineering _vCourse in Electrical Technology |
||
| 942 | _cBK | ||
| 999 |
_c8519 _d8519 |
||